I am Legend quiz - Statistics

General Stats
  • This quiz has been taken 33 times
  • The average score is 8 of 14
Answer Stats
Answer % Correct
What animal was Will Smith hunting at the beginning of the film? Deer
85%
Where does the film take place? Manhatten
81%
How did Will Smith try to contact other survivors? With a radio
74%
Will Smith's dogs name Samantha
70%
At the end of the film, what does Will Smith explode? Grenade
59%
The breed of Will Smith's dog German shepard
52%
The name of the mannequin Will Smith shot Fred
48%
Where is Will Smith's lab In his basement
48%
What was the name of Will Smith's daughter? Marley
48%
Will Smith's character Robert Neville
44%
What film did Will Smith impersonate? Shrek
44%
Will Smith played golf on what? Aircraft carrier
41%
Where is the colony of survivors? Vermont
41%
The virus that was supposed to cure cancer Krippen Virus
19%
No matching quizzes found
Score Distribution
Percent of People with Each Score
Percentile by Number Answered
Your Score History
You have not taken this quiz